000 00655nam a2200241 i 4500
001 C2-0336325
003 PPAK
005 20180728135317.0
008 160529s2012 enk |||| ||||| | eng d
020 _a9780007442706
040 _aPPAK
_beng
_cPPAK
_erda
082 0 4 _a158.1
_223
090 0 0 _a158.1
_bGLA
_dG
100 1 _aGlass, Cathy,
_eauthor
245 1 0 _aHappy adults
264 1 _aLondon :
_bHarper ,
_c2012
300 _axv, 190 pages. ;
_c20 cm
336 _2rdacontent
_atext
337 _2rdamedia
_aunmediated
338 _2rdacarrier
_avolume
650 1 0 _aSelf-actualization (Psychology) ; Happiness. ; Adulthood.
942 _ddc
_cB
999 _c134144
_d134144